Русско-польский, польско-русский карманный словарь: 6 500 слов

Bibliographic Details
Main Author: Драгункин А. Александр
Language:Polish
Russian
Published: СПб., Лань, 1998
Subjects:
Format: Book
KOHA link:https://koha.lib.tpu.ru/cgi-bin/koha/opac-detail.pl?biblionumber=31371

MARC

LEADER 00000nam0a2200000 4500
001 31371
005 20231030204444.0
010 |a 5811401027 
035 |a (RuTPU)RU\TPU\book\31648 
035 |a BOOK00031727 
090 |a 31371 
100 |a 20011209d1998 m y0rusy50 ca 
101 0 |a pol  |a rus 
102 |a RU 
105 |a y e 000zy 
200 1 |a Русско-польский, польско-русский карманный словарь  |e 6 500 слов  |f А. Драгункин 
210 |a СПб.  |c Лань  |d 1998 
215 |a 288 с. 
517 1 |a С правилами чтения русских и польских слов 
610 1 |a польский язык 
610 1 |a словари 
610 1 |a параллельные словари 
610 1 |a лексика 
686 |a Ш141.5-48  |v LBC/SL-A  |2 rubbk 
700 1 |a Драгункин  |b А.  |g Александр 
801 0 |a RU  |b 63413507  |c 20011209  |g PSBO 
801 2 |a RU  |b 63413507  |c 20060815  |g PSBO 
942 |c BK